25 largest cities by letter - J - Statistics

General Stats
  • This quiz has been taken 92 times
  • The average score is 8 of 25
Answer Stats
Country Population City % Correct
Indonesia 8,540,121 Jakarta
99%
South Africa 2,026,469 Johannesburg
90%
Saudi Arabia 2,867,446 Jeddah
89%
Israel 801,000 Jerusalem
87%
United States 868,031 Jacksonville
78%
India 2,711,758 Jaipur
71%
China 4,335,989 Jinan
41%
India 921,476 Jodhpur
40%
Malaysia 802,489 Johor Bahru
30%
Brazil 650,883 Joao Pessoa
29%
Nigeria 816,824 Jos
25%
India 616,338 Jamshedpur
13%
India 1,030,168 Jabalpur
12%
India 785,178 Jalandhar
8%
India 465,567 Jammu
8%
South Korea 711,424 Jeonju
8%
India 492,056 Jamnagar
6%
China 604,269 Jinzhou
6%
China 466,101 Jiaxing
5%
Brazil 470,193 Juiz de Fora
5%
Brazil 630,008 Jaboatao dos Guararapes
4%
China 532,419 Jiangmen
4%
China 1,001,985 Jieyang
2%
China 549,549 Jiamusi
1%
China 517,540 Jiaozuo
1%
No matching quizzes found
Score Distribution
Percent of People with Each Score
Percentile by Number Answered
Your Score History
You have not taken this quiz